Fluid mechanics through worked out problems (Record no. 2538)

000 -LEADER
fixed length control field 00578nam a22002177a 4500
001 - CONTROL NUMBER
control field 2538
003 - CONTROL NUMBER IDENTIFIER
control field BD-DhUET
008 - FIXED-LENGTH DATA ELEMENTS--GENERAL INFORMATION
fixed length control field 140924b xxu||||| |||| 00| 0 eng d
020 ## - INTERNATIONAL STANDARD BOOK NUMBER
International Standard Book Number 9843109230
040 ## - CATALOGING SOURCE
Transcribing agency 0
Modifying agency BD-DhUET
082 ## - DEWEY DECIMAL CLASSIFICATION NUMBER
Classification number 532
Item number QUA/2006
100 ## - MAIN ENTRY--PERSONAL NAME
Personal name Quamrul Islam , Md.
245 ## - TITLE STATEMENT
Title Fluid mechanics through worked out problems
250 ## - EDITION STATEMENT
Edition statement 1st ed.
260 ## - PUBLICATION, DISTRIBUTION, ETC. (IMPRINT)
Place of publication, distribution, etc. Gazipur
Name of publisher, distributor, etc. Islamic University of Technology
Date of publication, distribution, etc. 2006
300 ## - PHYSICAL DESCRIPTION
Extent xii,777 p.
504 ## - BIBLIOGRAPHY, ETC. NOTE
Bibliography, etc Includes bibliographies
650 #0 - SUBJECT ADDED ENTRY--TOPICAL TERM
Topical term or geographic name as entry element Fluid mechanics
700 ## - ADDED ENTRY--PERSONAL NAME
Personal name Mondal , Amalesh Chandra
942 ## - ADDED ENTRY ELEMENTS (KOHA)
Koha item type General Book
Holdings
Koha item type Koha out on loan Not for loan Date acquired Koha renewals Location (home branch) Price effective from Piece designation (barcode) Shelving location Koha normalized classification for sorting Sublocation or collection (holding branch) Withdrawn status Koha date last borrowed Damaged status Lost status Source of classification or shelving scheme Koha full call number Koha date last seen Copy number Koha issues (times borrowed)
General Book2024-09-14 2014-09-24 Central Library, BUET2014-09-24102749Circulation section532QUA2006Central Library, BUET 2024-08-31   532/QUA/20062024-08-3119
General Book  2014-09-24 Central Library, BUET2014-09-24102750Circulation section532_000000000000000_QUA_2006Central Library, BUET 2025-08-10   532/QUA/20062025-11-09216
General Book  2014-09-241Central Library, BUET2014-09-24102751Circulation section532_000000000000000_QUA_2006Central Library, BUET 2026-03-30   532/QUA/20062026-04-12315
General Book2025-07-14 2015-08-17 Central Library, BUET2015-08-17102748Circulation section532_000000000000000_QUA_2006Central Library, BUET 2025-06-30   532/QUA/20062025-06-30424
General Book2023-12-16 2006-11-06 Central Library, BUET2018-04-21102752Circulation section532_000000000000000_QUA_2006Central Library, BUET 2023-12-02   532/QUA/20062023-12-02510